• 首页
  • 本馆介绍
  • 公告通知
  • 最新文献
  • 馆藏检索
  • 电子资源
  • 读者导购
  • 参考咨询
  • 我的图书馆
  • 登录
  • 详细信息显示
  • 放入我的书架
  • 预约/预借图书
  • 作者相关作品
  • 分类相关作品
  • 丛书相关作品
  • 出版社相关作品

书目信息

  • 表格格式
  • 工作单格式
  • 卡片格式
题名:
1980--1986翻译出版外国文学著作目录和提要
    
 
作者: 中国版本图书馆 编
分册:  
出版信息: 重庆   重庆出版社  1999
页数: 1268页
开本: 32开
丛书名:
单 册:
中图分类: Z852.7
科图分类:
主题词: 出版发行目录
电子资源:
ISBN: 7-5366-0770-9
000 00707nam0 2200217 45
001 0109251416
005 20031219104050.7
010    @a7-5366-0770-9@b精装@dCNY49.80
100    @a20010925d1999 km y0chiy0120 ea
101 0  @achi
105    @a z 000yy
200 1  @a1980--1986翻译出版外国文学著作目录和提要@A1980--1986 Fan Yi Chu Ban Wai Guo Wen Xue Zhu Zuo Mu Lu He Ti Yao@f中国版本图书馆编@FZhong Guo Ban Ben Tu Shu Guan Bian
205    @a2版@b修订本
210    @a重庆@c重庆出版社@d1999
215    @a1268页@d32开
320    @a书末附:作者条目索引
606 0  @a出版发行目录
690    @aZ852.7@v4
701    @a中国版本图书馆@4编
801    @aCN@bTSTC@c20010925
905    @f3@b298756-758@dZ852.7@e60=2
    
    1980--1986翻译出版外国文学著作目录和提要/中国版本图书馆编.-2版,修订本.-重庆:重庆出版社,1999
    1268页;32开
    
    
    ISBN 7-5366-0770-9(精装):CNY49.80
    
●
相关链接 在E读中查询图书 在五车中查询图书 在当当中查询图书 在豆瓣中查询图书


正题名:1980--1986翻译出版外国文学著作目录和提要     索取号:Z852.7/60=2         预约/预借

序号 登录号 条形码 馆藏地/架位号 状态 备注
1 0298756   202987562   工具书阅览室/ [索取号:Z852.7/60=2] 在馆    
2 0298757   202987571   密集书库/ [索取号:Z852.7/60=2] 在馆    
3 0298758   202987580   第二样本阅览室/ [索取号:Z852.7/60=2] 在馆    
唐山师范学院图书馆 欢迎您!
大连网信软件有限公司© 版权所有